000 00557nam a2200169 4500
001 121384
003 ES-MaACL
005 20250918063032.0
007 t|
008 070214n19201929fr r ||||1| fre d
100 1 _aMolière,
_d1622-1673
_981873
245 1 3 _aLe misanthrope
_b: suivi de le Tartuffe ; l'avare ; le bourgeois gentilhomme ; les femmes savantes /
_cMolière.
260 _aParis :
_b[s.n.],
_c[192_?] (
_fTyp. Ph. Renouard)
300 _a397 p. :
_bil. ;
_c20 cm.
852 _aES-MaACL
_jF-5298
_bR.4959
999 _c121384
_d121384